Which country is the largest - Statistics

General Stats
  • This quiz has been taken 26 times
  • The average score is 6 of 15
Answer Stats
Question Answer % Correct
Which country is largest Colombia
100%
Which country is largest Libya
100%
Which country is largest in Africa Algeria
67%
Which country is largest Cape Verde
67%
Which country is largest Russia
67%
Which country is largest by only land area China
33%
Which country is largest Jordan
33%
Which country is largest Moldova
33%
Which country is largest Namibia
33%
Which country is largest Peru
33%
Which country is largest Venezuela
33%
Which country is largest Guinea
0%
Which country is largest Myanmar
0%
Which country is largest Somalia
0%
Which country is largest by only land area United States
0%
No matching quizzes found
Score Distribution
Percent of People with Each Score
Percentile by Number Answered
Your Score History
You have not taken this quiz